| 000 | 02027nam a2200397 i 4500 | ||
|---|---|---|---|
| 005 | 20230731232207.0 | ||
| 008 | 230731s2021 ck ao gr 001 0dspa d | ||
| 020 | _a9789585305212 | ||
| 040 |
_aCO-PeBPR _cCO-PeBPR _erda |
||
| 041 | _aspa | ||
| 082 | 0 | 4 |
_a371.91 _bM85d |
| 100 | 1 |
_953360 _aMuñoz-Borja, Patricia _eautor |
|
| 245 | 1 | 0 |
_aDiscapacidad y TIC estrategias de equidad, participación e inclusión _cPatricia Muñoz-Borja y [otros cinco] |
| 250 | _aEdición especial. Segunda edición | ||
| 264 | 0 | 1 |
_aCali _bAmbientes de aprendizaje _c2021 |
| 300 |
_a171 páginas _bilustraciones, fotografías a blanco y negro _c26 cm |
||
| 336 |
_atexto _btxt _2rdacontent |
||
| 337 |
_asin mediación _bn _2rdamedia |
||
| 338 |
_avolumen _bnc _2rdacarrier |
||
| 490 | _aPlan Nacional de Lectura y Escritura Leer es mi Cuento / Ministerio de Cultura | ||
| 500 | _aIncluye datos biográficos de los autores al final del texto | ||
| 500 | _aEdición especial. Colección de actualización bibliográfica para la Red Nacional de Bibliotecas Públicas del Ministerio de Cultura en el marco del Plan Nacional de Lectura, Escritura y Oralidad "Leer es mi cuento", 2021 | ||
| 504 | _aIncluye referencias bibliográficas al final de cada capítulo | ||
| 521 | _aRecomendado para un público adulto | ||
| 650 | 0 |
_953361 _aEducación de Personas con Discapacidades _vInvestigaciones |
|
| 650 | 0 |
_950233 _aEducación, Ciencia y Tecnología _vInvestigaciones |
|
| 650 | 0 |
_952871 _aEducación Inclusiva _vInvestigaciones |
|
| 650 | 0 |
_927886 _aLenguaje Por Señas _vInvestigaciones |
|
| 700 | 1 |
_953362 _aGarcía Ruíz, Rosa _eautora |
|
| 700 | 1 |
_953363 _aBonilla del Río, Mónica _eautora |
|
| 700 | 1 |
_953364 _aMillán Muñoz, Rodolfo _eautor |
|
| 700 | 1 |
_953365 _aLasso Largo, Claudia Isabel _eautora |
|
| 700 | 1 |
_953366 _aLópez Gómez, Lorenzo _eautor |
|
| 830 | _aDotación MinCultura - BNC / Sala de Patrimonio Bibliográfico y Documental de Risaralda | ||
| 942 |
_2ddc _cBK _h371.91 M85d _k371.91 _mM85d |
||
| 999 |
_c16895 _d16895 |
||